| 000 | 00724nam a22002057a 4500 | ||
|---|---|---|---|
| 005 | 20230325133516.0 | ||
| 008 | 230221b |||||||| |||| 00| 0 eng d | ||
| 020 |
_a9788129521828 _cRs.400.00 |
||
| 040 | _aLoreto college | ||
| 041 | _aBengali | ||
| 082 |
_a891.44 _bTAG |
||
| 100 | _aTagore, Abanindranath | ||
| 245 |
_aSmritikatha _cAbanindranath Tagore;edited by Sudhangshusekhar Mukhopadhyay _bRachanasamagra 1 |
||
| 250 | _a2nd ed | ||
| 260 |
_aKolkata _bDeys Publishing _c2022 |
||
| 300 |
_a319p _b22cm |
||
| 650 | _aTagore,Abanindranath-Biography | ||
| 850 | _aLCLIB | ||
| 942 | _cBK | ||
| 999 |
_c43208 _d93687 |
||